Elektronické peňaženky a predplatné karty
Vznik a princípy elektronickej peňaženky. Prvý celoplošný projekt elektronickej peňaženky. Špičková technológia Mondex. Kompatibilita peňaženiek. Predplatné a darčekové karty.
Salvato in:
| Natura: | Capitolo di libro |
|---|---|
| Lingua: | slovacco |
| Soggetti: | |
| Tags: |
Nessun Tag, puoi essere il primo ad aggiungerne!!
|
MARC
| LEADER | 00000naa$a2200000$$$4500 | ||
|---|---|---|---|
| 001 | 0047581 | ||
| 005 | 20231006121517.0 | ||
| 041 | 0 | |a slo | |
| 044 | |a SK | ||
| 245 | 1 | 0 | |a Elektronické peňaženky a predplatné karty |
| 520 | |a Vznik a princípy elektronickej peňaženky. Prvý celoplošný projekt elektronickej peňaženky. Špičková technológia Mondex. Kompatibilita peňaženiek. Predplatné a darčekové karty. | ||
| 610 | 2 | 0 | |a peniaze elektronické |
| 610 | 2 | 0 | |a karty platobné |
| 610 | 2 | 0 | |a história |
| 610 | 2 | 0 | |a banky |
| 610 | 2 | 0 | |a reklama |
| 610 | 2 | 0 | |a efektívnosť ekonomická |